Datum a čas kvízu
22
Celkem bodů
Celkový počet nahraných bodů na tomto kvízu bez doplňovacích otázek.
6.
Pořadí na kvízu
Konečné umístění týmu na tomto kvízu.
Zaznamenané odpovědi
| # | Otázka | Odpověď | Body | Výsledky |
|---|---|---|---|---|
| 1. | Ředitelství silnic a dálnic v... | 0 | ||
| 2. | Neobvyklý trest dostal starost... | 0 | ||
| 3. | Tento hvězdný pár už spolu asi... | 0 | ||
| 4. | Vítězem ocenění Podnikatel rok... | 0 | ||
| 5. | Český atlet Pavel Maslák získa... | 1 | ||
| 6. | Které z těchto děl Karla Čapka... | 1 | ||
| 7. | Zadívejte se na tento obraz Fr... | 0 | ||
| 8. | Toto dílo by bylo zbytečné pře... | 1 | ||
| 9. | Hudbu a text písně Kávu si osl... | 1 | ||
| 10. | Přiřaďte naše klasické filmy k... | 0 |